Responses for show #7787 - Tuesday, June 19, 2018

Contestants

[<< previous game]

Ali Hasan, a secondary school teacher from New Westminster, British Columbia, Canada

Jessica Rea, a student from Carmichael, California

Deirdre Thomas, an attorney and editor from Seattle, Washington (whose 2-day cash winnings total $33,200)

[next game >>]

Jeopardy! Round responses

THE SHAPE OF THINGS
WORLD HISTORY
OUR FAVORITE SUFF-ICS
THAT REDUNDANCY IS REDUNDANT
FRANK SINATRA
CHAIRMAN OF THE BOARD
    $200 12
the triangle

Deirdre
    $200 6
ice cream

Deirdre
    $200 17
cloning

Deirdre
    $200 1
live

Ali
    $200 25
(Ali: What is Atlantic City?)
(Jessica: What is Trenton?)
(Deirdre: What is Newark?)
...
(Alex: Less than a minute now.)

Hoboken

DeirdreJessicaAli
Triple Stumper
    $200 7
Google

Ali
    $400 13
hourglass

Deirdre
    $400 8
zero

Ali
    $400 21
democracy

Ali
    $400 2
bonus

Jessica
    $400 26
(Mia) Farrow

Ali
    $400 16
CBS

Ali
    $600 14
Louisiana

Jessica
    $600 9
Robin Hood

Ali
    $600 22
(Ali: What is semiotics?)
(Deirdre: What is heuristics?)

semantics

DeirdreAli
Triple Stumper
    $600 3
(Jessica: What is forward motion?)

forward progress

DeirdreJessica
    $600 27
(Ali: What is "It Was A Good Year For The Roses"?)

"It Was A Very Good Year"

Ali
Triple Stumper
    $600 18
(Alan) Greenspan

Deirdre
    $800 15
pear

Deirdre
    $3,200 10
(Ali: What is Magna Carta?)

the Mayflower Compact

Ali
    $800 23
the acoustics

Deirdre
    $800 4
please

Ali
    $800 28
the Rat Pack

Deirdre
    $800 19
PepsiCo

Deirdre
    $1000 11
Robespierre

Jessica
    $1000 24
tactics

Ali
    $1000 5
haven

Ali
    $1000 29
[The end-of-round signal sounds.]

The Man with the Golden Arm

Ali
    $1000 20
raiders

Deirdre

Scores at the first commercial break (after clue 15):

Deirdre Jessica Ali
$2,200 $1,400 $0

Scores at the end of the Jeopardy! Round:

Deirdre Jessica Ali
$5,600 $1,200 $1,800

Double Jeopardy! Round responses

THE 27 LANDLOCKED U.S. STATES
KNOWN BY ONE NAME
POKE OUT AN I
ARCHITECTURE
MARRIED LITERATURE
HOOK, LINE & SINKER
    $400 8
(Jessica: What is... Illinois?)
(Ali: Uh, what is... Alabama?)

Arizona

JessicaAli
Triple Stumper
    $400 22
Euclid

Ali
    $400 1
a pant

Ali
    $400 9
New York City

Deirdre
    $400 21
Madame Bovary

Ali
    $400 23
the Pittsburgh Steelers

Ali
    $1,800 16
(Ali: What is south?)

Dakota

Ali
    $800 20
Montezuma

Ali
    $800 4
gong

Deirdre
    $800 10
gothic

Jessica
    $800 15
The Merry Wives of Windsor

Ali
    $800 24
Smokin' Joe Frazier

Ali
    $1200 26
Montana

Jessica
    $1200 19
Akihito

Ali
    $1200 5
(Alex: You take the "I" out of "alit", you come up with [*].)

alt

Triple Stumper
    $1,800 11
Ionic

Jessica
    $1200 14
Mrs. Frisby

Jessica
    $1200 25
(Alex: With less than a minute now.)

the Dodgers

Jessica
    $1600 27
Nevada

Deirdre
    $1600 18
Pocahontas

Jessica
    $1600 6
(Alex: From "wraith".)

wrath

Jessica
    $1600 12
(Jessica: What is Brown?)

Yale

Jessica
Triple Stumper
    $1600 3
Hemingway

Deirdre
    $1600 29
(Larry) Bird

Jessica
    $2000 28
(Jessica: What is Ohio?)

Pennsylvania

Jessica
Triple Stumper
    $2000 17
Titian

Ali
    $2000 7
(Alex: From "image".)

mage

Jessica
    $2000 13
a villa

Ali
    $2000 2
Mrs. Dalloway

Ali
    $2000 30
the Detroit Red Wings

Triple Stumper

Scores at the end of the Double Jeopardy! Round:

Deirdre Jessica Ali
$10,000 $10,200 $10,800

[wagering suggestions for these scores]

Final Jeopardy! Round responses

20th CENTURY AMERICAN HISTORY
(Alex: [To Deirdre] You picked the winner, the man who received the congratulatory telegram.)
DeirdreWho was Truman?
$9,999
JessicaWho is Harry Truman?
$8,500
AliWho is Dewey?
$9,601
Thomas Dewey

Final scores:

Deirdre Jessica Ali
$1 $1,700 $20,401
3rd place: $1,000 2nd place: $2,000 New champion: $20,401

Game dynamics:

Coryat scores:

Deirdre Jessica Ali
$10,000 $9,600 $15,800
15 R,
2 W
12 R
(including 1 DD),
5 W
22 R,
6 W
(including 2 DDs)

Combined Coryat: $35,400

The J! Archive is created by fans, for fans. The Jeopardy! game show and all elements thereof, including but not limited to copyright and trademark thereto, are the property of Jeopardy Productions, Inc. and are protected under law. This website is not affiliated with, sponsored by, or operated by Jeopardy Productions, Inc. Join the discussion at JBoard.tv.